| 000 | 00601nam a2200217 a 4500 | ||
|---|---|---|---|
| 999 |
_c3061 _d3061 |
||
| 001 | 3061 | ||
| 003 | BD-JhCC | ||
| 005 | 20171109185525.0 | ||
| 008 | 171109s1977 bg |||| ||a| 00| 0 ben d | ||
| 035 | _a(BD-JhCC) 3061 | ||
| 040 |
_aBD-JhCC _dBD-JhCC |
||
| 041 | _aben | ||
| 082 |
_a891.442 _bMIT 1977 |
||
| 100 | _aমিত্র, কল্যান | ||
| 245 |
_aলালন ফকির / _c কল্যান মিত্র |
||
| 260 |
_aঢাকা : _bমুক্তধারা , _c1977 |
||
| 300 |
_a75 p .: _c22 cm . |
||
| 650 | _aBengali Drama | ||
| 942 |
_2ddc _cBK |
||